000 00323nam a22001457a 4500
008 210428b ||||| |||| 00| 0 eng d
020 _a2901634596175
041 _aeng
080 _a34
082 _a34
100 _a13
101 _aJUR
245 _aCivil Procedure Supplement
_cJack H. Friedenthal
942 _2udc
_cBK
999 _c56907
_d56907